Score 0/14 Timer 03:00
1 Play Today
Clue 4-Letter Rung % Correct
2000 was 366 days long, making it a _____ [Last Rung]LEAP
97.9%
_____ Cuisine revealed its new tagline ''Do something good for yourself''LEAN
94.2%
2000 was 366 days long, making it a [First Rung] _____YEAR
90.3%
470,000 tons of Bartletts (this type of fruit) were produced by the United StatesPEAR
87.6%
Sammy Sosa became the second player (after _____ McGwire) to hit 50+ home runs for three consecutive yearsMARK
85.5%
AT&T in San Francisco, Minute Maid in Houston, and Comerica in Detroit (all versions of this type of public area) openedPARK
84.2%
Lord of the Rings actor Sean _____ divorced Abigail CruttendenBEAN
82.9%
Clue 4-Letter Rung % Correct
Conjunction of the sun, moon, Mercury, Venus, Jupiter, Saturn, and this other planet occurredMARS
81.1%
This Swiss metropolitan area had a population of approximately 660,000BERN
80.2%
You may or may not have seen Ryan Gosling's six _____ in the movie Remember the TitansPACK
78.3%
Davo Karničar became the first person to descend to the base camp from this point on Mount Everest by skiingPEAK
78.2%
Gold was valued at $279.11 in the US, making these ''bricks'' less expensive than presentBARS
75.8%
A monitoring program of this variety of owl conducted by the Wildlife Conservation Partnership was pilotedBARN
75.6%
Child actor and television star Josh _____ made his film debut in Snow Day and was a regular on The Amanda ShowPECK
71.9%

Today's Daily Dose

Remove Ads.
Support Sporcle.
Get the best of Sporcle when you Go Orange. This ad-free experience offers more features, more stats, and more fun while also helping to support Sporcle. Thank you for becoming a member.

You're not logged in!

Compare scores with friends on all Sporcle quizzes.
OR
Log In

Show Comments

Extras

Top Quizzes Today


Score Distribution

Your Account Isn't Verified!

In order to create a playlist on Sporcle, you need to verify the email address you used during registration. Go to your Sporcle Settings to finish the process.

Report this User

Report this user for behavior that violates our Community Guidelines.

Details: